[Event "Dos Hermanas"]
[Site "Dos Hermanas"]
[Date "1994.??.??"]
[Round "8"]
[White "Gelfand, Boris"]
[Black "Lautier, Joel"]
[Result "1/2-1/2"]
[WhiteElo "2685"]
[BlackElo "2625"]
[Annotator "Lautier,J"]
[PlyCount "100"]
[EventDate "1994.04.??"]
[EventType "tourn"]
[EventRounds "9"]
[EventCountry "ESP"]
[EventCategory "16"]
[SourceTitle "CBM 041"]
[Source "ChessBase"]
[SourceDate "1994.08.01"]
[SourceVersion "1"]
[SourceVersionDate "1994.08.01"]
[SourceQuality "1"]

1. c4 {Hansen,Cu} Nf6 2. d4 c6 3. Nc3 d5 4. e3 e6 5. Nf3 Nbd7 6. Qc2 Bd6 7. g4
dxc4 8. Bxc4 Nd5 (8... e5 {Hansen,Cu} 9. g5 Nd5 10. Bd2 (10. Ne4 Bb4+ 11. Bd2
Bxd2+ 12. Qxd2 Qe7 13. O-O-O N7b6 14. Bb3 Bg4 $15 {Marin,M-Stripunsky,A/
Bucharest/1994/}) 10... exd4 11. Nxd4 (11. Nxd5 cxd5 12. Bxd5 dxe3 13. fxe3 Nb6
14. Bb3 $13 {Krasenkov,M-Dokhoian,Y/BL/1993/}) (11. Qe4+ Ne7 12. Qxd4 Nf5 13.
Qe4+ Ne7 $10 {Malaniuk,V-Ivanovic,B/JUG-chT/1993/}) 11... N7b6 12. Be2 Nxc3 13.
Bxc3 Nd5 14. O-O-O Nxc3 15. Qxc3 O-O 16. h4 $14 {Bagirov,V-Kleeschaetzky,R/
Giessen/1993/}) (8... b6 {Hansen,Cu} 9. g5 Nd5 10. Ne4 Be7 11. Bd2 Bb7 12. Rg1
c5 $10 {Akopian,V-Georgiev,Ki/Tilburg/1993/}) (8... b5 {Hansen,Cu} 9. Bd3 (9.
Be2 Bb7 (9... b4 10. Na4 Bb7 11. g5 Nd5 12. Bd2 (12. Nc5 Bxc5 13. dxc5 Qa5 14.
e4 Ne7 15. Be3 Ba6 16. Bxa6 Qxa6 17. Qe2 Qxe2+ 18. Kxe2 f5 $13 {Malanjuk,
V-Serper,G/Luzern WchT/1993/}) 12... c5 13. Nxc5 Bxc5 14. dxc5 Rc8 15. e4 Ne7
16. Bxb4 Nc6 17. Ba3 $16 {Krasenkov,M-Heyken,E/Germany/1992/}) 10. g5 Nd5 11.
Ne4 (11. Bd2 b4 12. Ne4 Be7 13. Rg1 a5 14. Nc5 Bxc5 15. dxc5 Qe7 16. e4 $14 {
Fyllingen,R-Borovikov,V/EU-J/1993/}) 11... Be7 12. Bd2 Rc8 (12... a6 13. h4 (
13. Rg1 Qb6 $6 (13... Qc7 $5) 14. Rc1 $14 {Varga,Z-Kecskes,G/Balatonbereny/
1993/}) 13... Qc7 14. Nc5 Nxc5 15. dxc5 a5 16. a3 Bc8 17. Rc1 $14 {Michaelsen,
N-Petschar,K/Oberwart open/1992/}) 13. Rc1 (13. Nc5 Nxc5 14. dxc5 Bxg5 15.
O-O-O Bh6 $15 {Nestorovic,D/Milenkovic,J/JUG-chT/1993/}) 13... c5 $15 {
Michaelsen,N-Knaak,R/Germany/1992/}) 9... Bb7 (9... b4 10. Ne4 Nxe4 11. Bxe4
Bb7 12. Nd2 Rc8 (12... Qc7 13. Nc4 Be7 14. Ne5 c5 $15 {Cooper,L-Parker,J/
BCF-ch/1993/}) 13. Nc4 Be7 $10 {Pugachev,A-Serper,G/S-Petersburg op/1994/}) 10.
g5 Nd5 (10... Nh5 11. Ne4 Be7 12. Bd2 g6 13. Ke2 O-O 14. b4 $14 {Wojtkiewicz,
A-Urban,K/POL-chT/1993/}) 11. Ne4 (11. Nxd5 cxd5 12. Bd2 Rc8 13. Qb1 a6 14.
Bxh7 e5 $44 {Agreest,E-Lamprecht,F/Berlin summer op/1993/}) 11... Be7 12. Bd2 (
12. a3 Qb6 13. b4 a5 14. Nc5 axb4 15. Nxd7 Kxd7 16. e4 Nc7 17. O-O Kc8 18. Rb1
bxa3 19. Be3 $44 {Shabalov,A-Lesiege,A/Marshall Enhance/1993/}) 12... Qb6 13.
Rc1 Nb4 14. Bxb4 Bxb4+ 15. Ke2 c5 16. a3 c4 17. axb4 Bd5 18. Nfd2 $14 {Shirov,
A-Akopian,V/Biel izt/1993/}) 9. Bd2 $146 (9. Ne4 {Hansen,Cu} Be7 10. Bd2 b6 11.
h4 Bb7 12. Rh3 Qc7 13. O-O-O c5 $13 {Marin,M-Gurevich,M/Tilburg/1993/}) 9... b6
10. e4 $5 (10. Nxd5 $6 exd5 11. Bxd5 $4 cxd5 12. Qc6 Qf6 $1 13. Qxa8 Qxf3 14.
Qxc8+ Ke7 15. Qxh8 Qxh1+ 16. Ke2 Qxa1 $19) 10... Nxc3 11. Bxc3 Bb7 12. O-O-O b5
$5 (12... Qc7 13. Kb1 O-O-O $10) 13. Bd3 Qb6 14. b4 $2 (14. Kb1 h6 $5 $13 (
14... b4 $6 15. Bd2 c5 16. Be3 (16. d5 $5) 16... Rc8 (16... cxd4 17. Bxd4 Bc5
18. Bxg7 Rg8 19. Bh6 Rxg4 20. Rhg1 Rg6 21. Bf4 Bxf2 22. Rgf1 Bc5 23. Ne5 Nxe5
24. Bxe5 $16) 17. d5 $1 exd5 (17... e5 18. Nd2 $16) 18. exd5 Bxd5 19. Be4 Bxe4
(19... b3 $6 20. Qd3 bxa2+ 21. Ka1 Bxe4 22. Qxe4+ Be7 23. Rxd7 Kxd7 24. Ne5+
Kc7 (24... Ke8 25. Qa4+ $18) 25. Bf4 Bd6 26. Nc4 $18) (19... Be6 20. Ng5 $16)
20. Qxe4+ Be7 21. Rhe1 Qg6 (21... Nf6 $4 22. Qxe7+ $1 Kxe7 23. Bxc5#) 22. Bg5
f6 23. Bf4 Nb8 24. Nh4 Qxe4+ 25. Rxe4 Nc6 26. Nf5 $16) (14... O-O-O $6 15. Ng5
Rdf8 16. e5 Be7 17. Nxh7 Rfg8 18. Be4 (18. h4 $2 b4 19. Bd2 Qxd4 $15) 18... g6
19. Nf6 Nxf6 20. exf6 Bxf6 21. d5 $1 Bxc3 22. dxc6 $16)) 14... a5 $1 15. bxa5
Rxa5 $1 (15... Qc7 16. Nd2 b4 17. Bb2 Rxa5 18. Kb1 $13) 16. Bxa5 Qxa5 17. Nd2
$8 c5 (17... e5 $1 {Gelfand} 18. Nb3 Qa3+ 19. Kb1 (19. Qb2 $2 exd4 20. Qxa3 (
20. Nxd4 $2 Qxb2+ 21. Kxb2 Be5 $19 {/\ c5}) 20... Bxa3+ 21. Kb1 c5 $17) 19...
O-O $15 {-><<}) 18. dxc5 (18. Nb3 $2 {Hansen,Cu} Qa3+ 19. Kb1 c4 $19) 18...
Nxc5 19. Nb3 Qa3+ (19... Nxb3+ {Hansen,Cu} 20. Qxb3 O-O $44 {/\Be5, /^ a1-h8})
20. Kb1 Nxd3 21. Qxd3 O-O 22. f3 (22. Qxd6 $2 {Hansen,Cu} Qxd6 23. Rxd6 Bxe4+
$17) 22... Be5 23. Rd2 {/\ Qb5} Ba6 $8 24. Qe3 {/\ Qc5, /\ Rc1, /\ f4} (24. Rc1
$6 Bf4) (24. Qd8 $6 b4 $1 {/\} 25. Qa5 $4 Bd3+ $1 $19) 24... b4 25. Rc1 Bb5 $1
$44 (25... h6 $4 26. Rc5 Bc3 27. Ra5 Bxd2 28. Qxd2 $18) (25... Bc3 26. Rxc3
bxc3 27. Qxc3 $14) 26. Rc5 (26. f4 Bc3 27. Rxc3 bxc3 28. Qxc3 Qa8 29. Qb4 Bc6
$44 {/\ Rb8, >< e4, >< /^a8-h1}) (26. Qc5 $2 {Hansen,Cu} Bd3+ $19) 26... Qa7 $1
27. f4 (27. Qe1 {Hansen,Cu} Qb8 $8 {/^ b8-h2}) 27... Bc7 (27... Bf6 $2 28. g5
Be7 29. Rc3 $1 $16) (27... Bc3 $4 {Hansen,Cu} 28. Rxc3 $18) 28. Qd4 (28. Qf3 $6
Ba4 29. Rc4 Bxb3 30. axb3 (30. Qxb3 Bxf4 $15) 30... Ra8 $15 {->}) 28... Bb6 29.
Qxb4 Bxc5 30. Qxc5 (30. Qxb5 {Hansen,Cu} Be3 31. Rd7 Qa8 $44) 30... Qb7 31. Ka1
$2 {Zeitnot} (31. Rd4 Rb8 $44) (31. Kb2 $8 {Hansen,Cu} Bc6 32. e5 Bd5 $15)
31... Ba4 $1 32. Na5 $2 (32. Qc4 Bxb3 33. axb3 (33. Qxb3 Qxe4 $17) 33... Qa7+
34. Kb2 (34. Ra2 Qg1+ $17) 34... Qe3 $15) 32... Qxe4 33. Qd4 Qe1+ 34. Kb2 h6
35. Ka3 $2 {Zeitnot} (35. Nb3 $17) (35. Nb3 {Hansen,Cu} Bxb3 36. axb3 Ra8 $17)
35... Bb5 36. Nb3 Qb1 $1 (36... Qh4 {Hansen,Cu} 37. f5) (36... Ra8+ $5 {
Hansen,Cu} 37. Kb2 Ra4 38. Qf2 (38. Qb6 Bc4 $17) (38. Qc3 Qe4 39. Rf2 (39. Nc5
Qb4+ $17) 39... Bc4 $17) 38... Qe4 39. Rd4 Rxd4 40. Nxd4 (40. Qxd4 Qg2+ $17)
40... Bc4 $15) 37. Qb6 Bd3 38. Qd4 Ra8+ 39. Kb4 Bc2 $6 (39... Be4 $1 40. Rb2
Qe1+ 41. Qd2 Qf1 $19 {-> >< Kb4}) (39... Rb8+ $1 {Hansen,Cu} 40. Ka3 (40. Kc3
Rc8+ $1 41. Kb4 (41. Nc5 Rxc5+ 42. Qxc5 Qc1+ 43. Kd4 Qxd2 $19) 41... Rc4+ $19)
(40. Ka5 Qh1 $1 41. Qxd3 Qb7 $19) (40. Kc5 Rb5+ 41. Kc6 (41. Kd6 Rd5+ $19)
41... Qh1+ $19) 40... Bc2 41. Qc3 (41. Qa1 $2 Rxb3+ $19) 41... Ra8+ 42. Kb4 (
42. Na5 Qb5 $19) 42... Qxa2 $19 43. Qxc2 Qa4+ 44. Kc3 Rc8+) 40. Qa1 $1 Rxa2 $6
(40... Ra4+ 41. Kc5 (41. Kxa4 $4 Bxb3+ $19) (41. Kb5 Rxf4 42. Qxb1 Bxb1 43. a4
Rxg4 44. a5 Be4 {Hansen,Cu}) 41... Rxf4 42. Qxb1 Bxb1 $17) 41. Qxb1 Bxb1 42.
Rxa2 Bxa2 43. Nd4 Kh7 (43... g5 44. fxg5 hxg5 45. Nf3 $1 (45. Kc5 {Hansen,Cu}
Kg7 46. Kd6 Kf6 {>< Pg4}) 45... f6 46. Kc5 Kf7 47. Kd6 $15) 44. h4 $2 (44. Kc5
$1 g5 45. fxg5 hxg5 46. Nf3 Kg6 47. Ne5+ Kf6 48. Kd6 $15) 44... Kg6 $2 (44...
g5 $1 45. hxg5 hxg5 46. f5 (46. fxg5 Bd5 $1 (46... Kg6 $2 47. Nf3 $10 {/\ Ne5})
47. Nb5 Kg6 48. Nd6 e5 49. Kc5 Be6 50. Ne4 Bxg4 51. Kd6 (51. Kd5 Bf3 $19) 51...
Kf5 $19) 46... Kg7 (46... e5 $2 47. Nf3 f6 48. Nd2 $10 {/\ Kc5-d6, Nf1-e3}) 47.
Kc5 (47. fxe6 Bxe6 $1 48. Nxe6+ fxe6 49. Kc5 Kf7 50. Kc6 Ke7 $19) 47... Kf6 48.
Kd6 Bd5 {Zugzwang} 49. Nc2 Be4 50. fxe6 Bxc2 51. e7 Ba4 $19) 45. Kc5 Kf6 (45...
f5 46. gxf5+ $1 (46. h5+ $2 Kf6 47. gxf5 e5 $3 48. fxe5+ Kxe5 $19 {Zugzwang})
46... exf5 47. Kd6 Bb1 48. Ke5 Kh5 49. Nxf5 g6 (49... Bxf5 50. Kxf5 Kxh4 51.
Kg6 Kg4 52. Kxg7 h5 53. Kg6 h4 54. f5 $10) 50. Ne7 Kxh4 51. f5 $1 gxf5 52.
Nxf5+ Bxf5 53. Kxf5 h5 54. Kf4 $10) 46. Kd6 Bd5 (46... g5 47. hxg5+ hxg5 48.
fxg5+ Kxg5 49. Nf3+ Kf4 50. Ne5 f6 51. Nd7 Kg5 52. Ke7 $10) 47. g5+ Kg6 48. f5+
exf5 49. gxh6 $1 Be4 50. hxg7 Kxg7 1/2-1/2

[Event "Hamburg-ch int"]
[Site "Hamburg"]
[Date "1998.05.31"]
[Round "3"]
[White "Kempinski, Robert"]
[Black "Lukacs, Peter"]
[Result "0-1"]
[WhiteElo "2520"]
[BlackElo "2515"]
[Annotator "Lukacs,P"]
[PlyCount "78"]
[EventDate "1998.05.29"]
[EventType "swiss"]
[EventRounds "9"]
[EventCountry "GER"]
[SourceTitle "CBM 064 Extra"]
[Source "ChessBase"]
[SourceDate "1998.07.07"]
[SourceVersion "1"]
[SourceVersionDate "1998.07.07"]
[SourceQuality "1"]

1. d4 Nf6 2. c4 e6 3. Nf3 d5 4. Nc3 c6 5. e3 Nbd7 6. Qc2 Bd6 7. g4 {
Kempinski's favourite against the Meran.} dxc4 8. Bxc4 e5 9. h3 $146 {This
novelty wants to give to the line a positional character. However this is a
sharp tactical line, where half-steps are not sufficient for White.} ({For} 9.
g5 $142 {see Hellsten-Filippov, Gistrup CBM 55}) 9... O-O 10. Bd2 exd4 ({After
} 10... h6 11. O-O-O {Black's >> is more vulnerable.}) 11. Nxd4 (11. exd4 $6 {
is out of question, because it opens up the e <-> against the K in the centre.}
Re8+ 12. Be3 Nb6 13. Bb3 (13. Bd3 Nbd5 14. Nxd5 cxd5 $15) 13... Nfd5 {and the
izolani is well-blockaded.}) 11... Nb6 (11... Ne5 $6 {runs into} 12. Be2 {
/\ f4 +/=}) 12. Bd3 (12. Bb3 $2 c5) (12. Be2 {is a quieter move.} Nfd5 13. Nxd5
(13. O-O-O Nb4 14. Qb3 a5 $1) 13... cxd5 14. Bc3 (14. O-O-O Bd7) 14... Re8 15.
O-O-O Bd7 $13 {with counterplay on the <-> c.}) 12... c5 $1 {Black has to
react in the centre, when White is so agressive on the >>. The N on d4 is
well-placed, therefore he must go.} 13. Ndb5 $6 {This is a dubious try, the N
cannot find a healthy place after that.} ({Both} 13. Nf5 c4 14. Be2 Bxf5 $13) (
{and} 13. Nf3 c4 14. Bf5 Bxf5 15. Qxf5 Qe7 $13 {were more to the point}) 13...
c4 14. Be2 (14. Bf5 Bc5) 14... Bc5 15. e4 $2 {/\ e5. This opens up the
position, while his K is still in the centre.} (15. g5 $2 Nfd5 16. Nxd5 (16.
O-O-O Nb4) 16... Qxd5 17. O-O-O Bf5 $19) (15. O-O-O $142 a6 16. Be1 Qe7 17. Nd4
Bxd4 18. Rxd4 Be6 $13) 15... a6 16. Na3 {Here the N is out of play.} Qe7 $1 17.
g5 (17. Nxc4 Nxc4 18. Bxc4 Bxf2+ 19. Kxf2 Qc5+ $17) 17... Nfd7 18. f4 (18.
O-O-O Bxf2 $5 (18... Bxa3 19. bxa3 Ne5 $15)) 18... Bxa3 19. bxa3 Nc5 20. Rb1 $5
{[#] Now White has no time for castle.} (20. O-O-O $2 Nd3+ 21. Bxd3 cxd3 $19) (
20. Be3 Bd7 21. Rb1 Nd3+ 22. Bxd3 cxd3 23. Qxd3 (23. Qb3 Na4 $1 24. Nxa4 Qxe4
$19) 23... Na4 $17) 20... Nd3+ $1 {Black has to open up the lines and
diagonals against the K in the middle.} 21. Bxd3 cxd3 22. Qb3 (22. Qxd3 Rd8 23.
Qe2 Qc5 $17 {/\ Nc4 and the white K feels himself highly uncomfortable.}) 22...
Nd7 23. Qb4 {Certainly White wants to exchange queens, but this is not
possible.} ({More to the point was} 23. Be3 $142 $5 Nc5 24. Qc4 (24. Qb4 {
- 23.Qb4}) 24... d2+ 25. Kd1 (25. Kxd2 Rd8+) (25. Bxd2 Be6) 25... Ne6 $17)
23... Nc5 24. Be3 b6 $1 25. e5 {[#]} (25. Qxb6 $2 Na4 $1 26. Nxa4 Qxe4 $19) (
25. Nd5 Qxe4 26. Qxe4 Nxe4 27. Nxb6 Rb8) 25... d2+ $1 $19 {Otherwise Kd2 comes
and the P on d3 defends only the white K. Black has to open up the d <->.} (
25... Bf5 26. Kd2 $1) 26. Ke2 (26. Kd1 Qb7) (26. Kxd2 Rd8+ 27. Ke2 Bf5) 26...
a5 $1 {activating the B on the f1-a6 /^.} 27. Qxb6 Ba6+ 28. Kd1 (28. Kxd2 $2
Rfd8+ $19) 28... Nd3 29. Qd6 Qe8 $1 {In an attacking position Black has to
avoid the exchange of Queens.} 30. e6 (30. Kxd2 $2 Rd8 31. Qxa6 Nc5+ 32. Qd6
Qc6 $19) (30. Rb6 $2 Rd8 (30... Bc4 31. Qc6) 31. Qc7 (31. Qc6 $2 Qxc6 32. Rxc6
Bb7 $19) 31... Rc8 32. Qd6 Rxc3 33. Rxa6 Nb2+ 34. Ke2 Rxe3+ $19) (30. Rh2 Qc8
31. Bxd2 Nxf4 $19) 30... fxe6 31. Rb6 Bc4 32. Rb7 (32. Qc6 Qh5+) 32... Rf7 33.
Rxf7 Qxf7 34. Kxd2 (34. Qc6 Rd8 $1) 34... Qb7 $1 35. Rb1 Qg2+ 36. Ne2 Nb2 $1
37. Rxb2 $2 ({On} 37. Re1 Bd5 (37... Bxe2 $2 {falls into a devilish trap after}
38. Qxe6+ (38. Rxe2 $2 Nc4+ 39. Kd3 Qxe2+ 40. Kxe2 Nxd6 $19) 38... Kh8 39. Rxe2
Rd8+ 40. Bd4 $1 {but}) 38. Kc3 Nc4 39. Qc5 Qxh3 40. Nc1 Bb7 $1 $19 {/\ Rc8
wins.}) 37... Qxe2+ 38. Kc3 Qxe3+ 39. Kxc4 Qc1+ 0-1

[Event "Gistrup"]
[Site "Gistrup"]
[Date "1996.??.??"]
[Round "3"]
[White "Hellsten, Johan"]
[Black "Filippov, Valerij"]
[Result "1-0"]
[WhiteElo "2490"]
[BlackElo "2565"]
[Annotator "Lutz,C"]
[PlyCount "89"]
[EventDate "1996.07.15"]
[EventType "tourn"]
[EventRounds "9"]
[EventCountry "DEN"]
[EventCategory "10"]
[SourceTitle "CBM 055"]
[Source "ChessBase"]
[SourceDate "1996.12.01"]
[SourceVersion "1"]
[SourceVersionDate "1996.12.01"]
[SourceQuality "1"]

1. d4 {Hecht} d5 2. c4 c6 3. Nf3 Nf6 4. Nc3 e6 5. e3 Nbd7 6. Qc2 Bd6 7. g4 dxc4
8. Bxc4 e5 9. g5 Nd5 10. Ne4 (10. Bd2 exd4 11. Nxd4 (11. Nxd5 $6 cxd5 12. Bxd5
dxe3 13. fxe3 Nb6 14. Bb3 Be6 $6 (14... Qe7 $5 {Dokhoian}) 15. Bxe6 fxe6 16.
Qb3 Qe7 17. Nd4 Qxg5 18. Qxe6+ Qe7 19. Rf1 Rf8 20. Ke2 $10 {Krasenkov,
M-Dokhoian,Y/BL 9293 (1993) ;BL 90 1993}) 11... N5b6 12. Be2 Be5 13. O-O-O Bxd4
14. exd4 Nf8 15. Rhe1 Ne6 16. Bd3 $40 {Mozetic,D-Blagojevic,D/JUG-ch Podgorica
(02) ;CBM 53 1996}) 10... Bb4+ 11. Bd2 Bxd2+ (11... Qe7 12. O-O-O exd4 13. exd4
$2 (13. Nxd4 $5) 13... N7b6 14. Bxd5 Bxd2+ 15. Rxd2 cxd5 16. Nc5 O-O 17. Re2
Qd8 18. Rg1 Nc4 19. Ne5 Nd6 20. Qb3 Nf5 21. Nf3 b6 $15 {Zhukova,N-Edzgveradze,
N/WchJW-U20 Halle (09) ;EXT 95ch 1995}) 12. Qxd2 Qe7 13. Rg1 $5 {Verhindert ...
Bg4} (13. O-O-O N7b6 14. Bb3 $6 (14. Be2 $5 {Bronznik; Stripunsky}) 14... Bg4
15. Nxe5 Bxd1 16. Qxd1 O-O-O 17. Qg4+ Kb8 18. h4 Ka8 19. Nc5 f6 20. Ned3 Rhe8
$15 {Marin,M-Stripunsky,A/Bucharest Ciocaltea (06) ;CBM 40 1994}) 13... N7b6
14. Bb3 exd4 15. Qxd4 Bf5 16. Ng3 Bg6 17. h4 $14 Nb4 18. h5 Bc2 19. Rc1 Nd3+
20. Kf1 Bxb3 (20... Nxc1 21. Bxc2 {/\ Nf5}) 21. Qxd3 Be6 22. h6 g6 23. Qd4 Rf8
24. Ne4 Nd5 25. Rg3 Bf5 26. Nf6+ Nxf6 27. gxf6 Qd7 28. Qxd7+ Kxd7 29. Ng5 $16 {
[%csl Rf7,Rh7]} Kc7 30. Rd1 Be6 31. e4 Rad8 32. Rxd8 Rxd8 {[#] Hecht K-Flügel
vs D-Flügel; sBauernschwächen h7+f7 binden sT, Taktik, Mattfinale} 33. b3 c5
34. Rc3 Kc6 35. Ke2 b5 36. Ke3 Re8 37. a3 a5 38. Rd3 c4 39. bxc4 Bxc4 40. Rd1
b4 41. Rc1 Kc5 (41... Kb5 {Hecht} 42. a4+ Kc5 43. Nxf7 $18) 42. Nxf7 bxa3 (
42... b3 43. Rxc4+ Kxc4 44. Nd6+ Kc3 45. Nxe8 b2 46. f7 b1=Q 47. f8=Q Qc1+ 48.
Kf3 Qh1+ 49. Kf4 Qh2+ 50. Ke3 $18) 43. Ne5 a2 44. Rxc4+ Kd6 45. Rc6+ 1-0

[Event "Capablanca Memorial Elite 33rd"]
[Site "Havana"]
[Date "1998.05.22"]
[Round "11"]
[White "Bischoff, Klaus"]
[Black "Nogueiras Santiago, Jesus"]
[Result "1-0"]
[WhiteElo "2545"]
[BlackElo "2520"]
[Annotator "Lutz,C"]
[PlyCount "79"]
[EventDate "1998.05.07"]
[EventType "tourn"]
[EventRounds "11"]
[EventCountry "CUB"]
[EventCategory "12"]
[SourceTitle "CBM 065"]
[Source "ChessBase"]
[SourceDate "1998.08.06"]
[SourceVersion "1"]
[SourceVersionDate "1998.08.06"]
[SourceQuality "1"]

1. c4 c6 2. Nf3 d5 3. e3 Nf6 4. Nc3 e6 5. Qc2 Nbd7 6. b3 Bd6 7. Be2 O-O 8. Bb2
a6 9. d4 e5 (9... Re8 {Fritz 5.00 (30s)} 10. O-O dxc4 11. bxc4 e5 12. Rfe1 e4
13. Ng5 Qe7 14. c5 Bc7 15. Bc4 Bxh2+ 16. Kf1 Nd5 17. Qxe4 Qxe4 18. Ngxe4 Nxc3
19. Nxc3 Bc7 20. e4 b5 21. Bd3 Nf6 22. f3 Be6 23. Ne2 Rab8 24. Kf2 a5 25. Bc1
Red8 26. Bg5 h6 27. Be3 Rb7 28. Bc2 a4 29. Nf4 Bc4 30. Nd3 Ba5 31. Ne5 Bc3 32.
Nxc4 Bxa1 33. Na5 {1-0 Bischoff,K-Bjerring,K/Munich op9293 1993/TD 92\11}) 10.
O-O-O (10. cxd5 {Fritz 5.00 (30s)} cxd5 11. dxe5 Nxe5 12. O-O Be6 13. Rac1 (13.
Rfd1 Rc8 14. Qd2 Neg4 15. Qd3 Qc7 16. h3 Bh2+ 17. Kf1 Nxf2 18. Kxf2 Qg3+ 19.
Kf1 Bxh3 20. gxh3 Qxh3+ 21. Ke1 Rxc3 22. Qxc3 Qg3+ 23. Kf1 Qh3+ 24. Ke1 Qg3+
25. Kf1 {1/2-1/2 Ivanov,J-Vera,R/Anibal op4th 1997/CBM 58/[Lutz]}) 13... Nc6
14. Qd1 Rc8 15. Nd4 Qc7 16. g3 Nxd4 17. Qxd4 Be5 18. Qb4 Qb8 19. Bf3 b5 20.
Rfd1 Rfd8 21. Ba1 h5 22. Qh4 Rc5 23. Ne2 Rxc1 24. Rxc1 Bxa1 {Hansen,C-Hansen,L/
Vejle 1994/CBM 40/1-0 (43)}) 10... e4 $146 {Schwarz hält die Stellung
geschlossen. Mir scheinen aber die weißen Aussichten realer zu sein.} (10...
exd4 11. Nxd4 Nb6 12. h3 Qe7 13. g4 Ba3 14. Bxa3 Qxa3+ 15. Qb2 Qe7 16. cxd5
cxd5 17. Kb1 Bd7 18. Rc1 Rae8 19. Bf3 a5 {1/2-1/2 Bischoff,K-Dreev,A/Brno 1992/
CBM 31}) 11. Nd2 Re8 12. g4 Nf8 13. Rdg1 Be6 14. h4 b5 15. c5 Bc7 {Nun hat
Schwarz lediglich die Angriffsidee ...b5-b4 und ...a6-a5-a4. Allerdings ist
Weiß auch nicht viel schneller.} 16. g5 N6d7 17. f3 exf3 18. Nxf3 f5 19. Kb1 {
John Nunn bezeichnete derartige Züge als Ausdruck von Denkfaulheit. Vielleicht
kann Weiß direkter vorgehen.} (19. Bd3 $5 {Weiß kann den Nc3 über e2 nach f4
bringen, außerdem ist der Pf5 angegriffen.} b4 $5 20. Ne2 Bf7 {Nun ist der Pe3
schwach.}) 19... b4 20. Nd1 Ng6 21. h5 Ne7 22. Bd3 a5 23. Nf2 Nf8 24. Nh3 Qb8
25. Ne5 a4 26. Nf4 axb3 27. axb3 Bxe5 28. dxe5 Bc8 (28... Qc8 $5 {hält den Bb2
eingeschlossen.}) 29. e6 $1 {[%csl Rg7][%cal Yb2g7]} Nxe6 30. Nxe6 Bxe6 31.
Bxg7 $1 d4 $1 {[%csl Rb3][%cal Ye6b3]} (31... Kxg7 32. Qb2+ Kg8 33. h6 $18) 32.
Bxd4 Ra3 33. Bc4 Nd5 34. h6 Nc3+ $2 (34... Nxe3 {führt zum Unentschieden.} 35.
Bxe6+ (35. Bxe3 Qe5 $17) (35. Qf2 Bxc4 36. bxc4 Qd8 $17) 35... Rxe6 36. g6 (36.
Qb2 Qf4) 36... Nxc2 37. gxh7+ Kxh7 38. Rg7+ Kh8 39. Rb7+ (39. Kxc2 Re2+ 40. Kd1
Rd2+ 41. Kxd2 Qf4+ $19) 39... Nxd4 40. Rxb8+ Kh7 41. Rb7+ Kg6 (41... Kh8 42.
Rb8+ $11) 42. h7 Rxb3+ 43. Kc1 Re8 44. h8=Q Rxh8 45. Rxh8 $11) 35. Bxc3 Bxc4
36. Bb2 Bxb3 (36... Bd5 37. g6 Be4 38. gxh7+ Kf7 39. Qxe4 $1 fxe4 40. Rg8 Rxb3
(40... Rxg8 41. hxg8=Q+ Qxg8 42. h7 $18) 41. Rf1+ Ke6 42. h8=Q Rxb2+ 43. Qxb2
Rxg8 44. Qb3+ Ke5 45. Qf7 $18) 37. Qxf5 Qa7 38. Qxh7+ $3 {Streng genommen
führt diese Kombination "nur" zu einem Endspiel mit zwei Mehrbauern.} (38. g6)
38... Qxh7+ (38... Kxh7 39. g6+ $18) 39. g6 Ba2+ 40. Kc1 (40. Kc1 Ra7 41. gxh7+
Kxh7 42. Rh4 Bd5 43. Rg7+ Rxg7 44. hxg7+ Kg6 45. Rxb4 $18 {/\} Rxe3 46. Rg4+
Kh7 47. g8=Q+ Bxg8 48. Rg7+ $18) 1-0

[Event "Linares Anibal op 04th"]
[Site "Linares"]
[Date "1997.??.??"]
[Round "4"]
[White "Ivanov, Jordan"]
[Black "Vera Gonzalez Quevedo, Reynaldo"]
[Result "1/2-1/2"]
[WhiteElo "2365"]
[BlackElo "2510"]
[Annotator "Lutz,C"]
[PlyCount "49"]
[EventDate "1997.02.??"]
[EventType "swiss"]
[EventRounds "10"]
[EventCountry "ESP"]
[SourceTitle "CBM 058"]
[Source "ChessBase"]
[SourceDate "1997.06.01"]
[SourceVersion "1"]
[SourceVersionDate "1997.06.01"]
[SourceQuality "1"]

1. Nf3 Nf6 2. c4 e6 3. Nc3 d5 4. e3 c6 5. b3 Nbd7 6. Bb2 Bd6 7. Qc2 O-O 8. Be2
a6 9. d4 e5 10. cxd5 (10. O-O-O exd4 11. Nxd4 Nb6 12. h3 Qe7 13. g4 Ba3 14.
Bxa3 Qxa3+ 15. Qb2 Qe7 16. cxd5 cxd5 17. Kb1 Bd7 18. Rc1 Rae8 19. Bf3 a5 {
1/2-1/2 Bischoff,K-Dreev,A/Brno 1992}) 10... cxd5 11. dxe5 Nxe5 $11 {Die
Chancen sind ungefähr ausgeglichen.} 12. O-O (12. Nd4 Be6 13. O-O Rc8 14. Qd1
Bb8 15. Rc1 Qd6 $36 {0-1 Bischoff,K-Portisch,L/Biel op 1992 (38)}) 12... Be6
13. Rfd1 (13. Rac1 Nc6 (13... Rc8 $5) 14. Qd1 Rc8 15. Nd4 Qc7 16. g3 Nxd4 17.
Qxd4 Be5 18. Qb4 Qb8 19. Bf3 b5 20. Rfd1 $14 {1-0 Hansen,C-Hansen,L/Vejle 1994
(42)}) 13... Rc8 14. Qd2 Neg4 $5 {Schwarz forciert das Geschehen.} (14... Re8
$11) 15. Qd3 (15. h3 $2 Nxf2 16. Kxf2 Rxc3 {/\ ...Ne4}) 15... Qc7 16. h3 Bh2+
17. Kf1 Nxf2 $5 (17... Ne5 {führt zu einer normalen Stellung.}) 18. Kxf2 Qg3+
19. Kf1 Bxh3 20. gxh3 Qxh3+ 21. Ke1 Rxc3 22. Qxc3 (22. Bxc3 $2 Ne4) 22... Qg3+
(22... Ne4 23. Qxg7#) 23. Kf1 (23. Kd2 Ne4+ 24. Kc2 Nxc3 25. Bxc3 Qf2 $13)
23... Qh3+ 24. Ke1 Qg3+ 25. Kf1 1/2-1/2

[Event "Presidents Cup 3.pl"]
[Site "Elista"]
[Date "1998.05.23"]
[Round "5.6"]
[White "Bareev, Evgeny"]
[Black "Dreev, Alexey"]
[Result "1-0"]
[WhiteElo "2675"]
[BlackElo "2630"]
[Annotator "Lutz,C"]
[PlyCount "43"]
[EventDate "1998.05.07"]
[EventType "k.o."]
[EventRounds "9"]
[EventCountry "RUS"]
[SourceTitle "CBM 065"]
[Source "ChessBase"]
[SourceDate "1998.08.06"]
[SourceVersion "1"]
[SourceVersionDate "1998.08.06"]
[SourceQuality "1"]

1. d4 d5 2. c4 c6 3. Nf3 Nf6 4. Nc3 e6 5. e3 Nbd7 6. Qc2 Bd6 7. Bd3 O-O 8. Bd2
b6 $6 $146 {Diese Neurung erscheint zweifelhaft.} (8... dxc4) (8... Qe7) 9. e4
dxc4 10. Bxc4 e5 11. O-O exd4 12. Nxd4 {[%csl Rc6] ...b7-b6 ist in dieser
Stellung einfach eine Schwächung.} Ne5 13. Be2 Bc7 14. Nb3 {[%csl Re5,Rf4]
[%cal Yf2f4,Ye4e5] In derartigen Strukturen muß Schwarz versuchen, durch
Figurendruck gegen die weiße Bauernmehrheit zu wirken. Hier gelingt dies nicht.
} b5 15. Rad1 (15. f4 $2 Bb6+ 16. Kh1 Neg4 $132) 15... Bb6 16. Bg5 Qe7 17. Kh1
{/\ f4} h6 18. Bh4 Ng6 19. Bg3 b4 $2 {Die Stellung war eh schon schwer.} 20.
Bd6 Qe6 21. Na4 (21. Bxb4 $16) 21... Re8 $2 (21... Rd8 22. Nac5 Qe8 23. f4 $16)
22. Nac5 (22. Nac5 Bxc5 23. Nxc5 Qxa2 24. Ra1 $18) 1-0